000 01567nam a22003137a 4500
005 2010101908158.0
008 101019t xxu||||| |||| 00| 0 hin d
010 _aHIN-96271 B-488572
020 _c250.00
_a9789380417387
035 _aHN-68617 B-488572
037 _bDBAD / PUB
037 _bके.के.पब्लिकेशंस
040 _aDPL
_bHN
082 _a420
100 _923632
_aबन्ने,पंडित
245 _aमीडिया और हिन्दी /
_cपंडित बन्ने
260 _aकानपुर
_bअमन प्रकाशन
_c2011
270 _bकानपुर
_a104- ए/118 रामबाग,
_e208012
_k09839218516
_l0512-2574766
300 1 _a120पृ.
_c22सेमी (सजिल्द)
650 _9657
650 _934273
700 _948760
_aभारद्वाज,प्रेम
710 _934811
710 _935049
942 _2ddc
_cHN
_mबन्नेपं
_h420
999 _c68638
_d68638